| 000 | 00694nam1a22002411 4500 | ||
|---|---|---|---|
| 001 | RU\NLR\INFOCOMM18\ROSSICA\1000008678 | ||
| 005 | 20240725024638.0 | ||
| 035 | _a(NLR Aleph) 009898800 | ||
| 090 |
_a10558693 _c10558693 |
||
| 100 | _a20030617g18421848|||y0rusy50 ba | ||
| 101 | 0 | _ager | |
| 102 | _aRU | ||
| 105 | _ay ||||000ay | ||
| 200 | 1 |
_aRepertorium für Pharmacie und praktische Chemie in Russland herausgegeben von Gust. Gauger _fGust. Gauger |
|
| 210 |
_aSt.Petersburg _d1842-1848 |
||
| 215 | _d8° | ||
| 702 | 1 |
_aGauger _bG. _gGust. _4340 |
|
| 801 | 1 |
_aRU _bInfoComm _c20030617 |
|
| 801 | 0 |
_aRU _bNLR _gPSBO |
|
| 852 |
_aNLR _j13.7.10.38 |
||
| 942 | _cBOOK | ||
| 980 | _aRossica | ||